000 00683nam a2200289Ia 4500
005 20260324140227.0
008 008 260324s9999 xx 000 0 eng d
020 _a9780203046197
037 _aEBOOK
040 _aCRL
040 _beng
040 _cCRL
041 _2eng
041 _aeng
084 _qCRL
100 _aJohn Milbank; Catherine Pickstock; Graham Ward
_91203598
245 0 _aRadical Orthodoxy
245 2 _bA New Theology
260 _bTaylor and Francis
260 _c1999
365 _a
365 _b205
856 _uhttp://www.taylorfrancis.com/books/9780203046197
942 _cEBOOK
999 _c1805458
_d1805458